000 00678nam a2200217 i 4500
001 C2-0106590
003 PPAK
005 20180727102042.0
008 970610s xx |||| ||||| | eng d
040 _aPPAK
_beng
_cPPAK
_erda
082 0 4 _a310.952
_223
090 0 0 _a310.952
_bJAP
_dR
245 0 0 _aJapan statistics yearbook 1996
264 1 _a[place of publication not identified] :
_bStatistics Bureau Management and Coordination Agency ,
_c[date of publication not identified]
300 _axxxxi, 914 pages ;
_c26 cm
336 _2rdacontent
_atext
337 _2rdamedia
_aunmediated
338 _2rdacarrier
_avolume
650 1 0 _aStatistics - Japan
942 _ddc
_cB
999 _c26138
_d26138